State Birds - Statistics

General Stats
  • This quiz has been taken 10 times
  • The average score is 21 of 50
Answer Stats
Hint Answer % Correct
Illinois Northern Cardinal
80%
Indiana Northern Cardinal
80%
Kentucky Northern Cardinal
80%
Ohio Northern Cardinal
80%
Virginia Northern Cardinal
80%
West Virginia Northern Cardinal
80%
Iowa American Goldfinch
60%
New Jersey American Goldfinch
60%
Washington American Goldfinch
60%
Kansas Western Meadowlark
60%
Montana Western Meadowlark
60%
Nebraska Western Meadowlark
60%
North Dakota Western Meadowlark
60%
Oregon Western Meadowlark
60%
Wyoming Western Meadowlark
60%
Connecticut American Robin
40%
Michigan American Robin
40%
Wisconsin American Robin
40%
Maryland Baltimore Oriole
40%
Louisiana Brown Pelican
40%
Arizona Cactus Wren
40%
South Carolina Carolina Wren
40%
Delaware Delaware Blue Hen
40%
Missouri Eastern Bluebird
40%
New York Eastern Bluebird
40%
New Mexico Greater Roadrunner
40%
Hawaii Hawaiian Goose
40%
Alabama Northern Flicker
40%
Arkansas Northern Mockingbird
40%
Florida Northern Mockingbird
40%
Mississippi Northern Mockingbird
40%
North Carolina Northern Mockingbird
40%
Tennessee Northern Mockingbird
40%
Texas Northern Mockingbird
40%
New Hampshire Purple Finch
40%
Rhode Island Rhode Island Red
40%
South Dakota Ring-necked Pheasant
40%
Alaska Willow Ptarmigan
40%
Maine Black-capped Chickadee
20%
Massachusetts Black-capped Chickadee
20%
Georgia Brown Thrasher
20%
California California Quail
20%
Minnesota Common Loon
20%
Colorado Lark Bunting
20%
Idaho Mountain Bluebird
20%
Nevada Mountain Bluebird
20%
Utah California Gull
0%
Vermont Hermit Thrush
0%
Pennsylvania Ruffed Grouse
0%
Oklahoma Scissor-tailed Flyatcher
0%
No matching quizzes found
Score Distribution
Percent of People with Each Score
Percentile by Number Answered
Your Score History
You have not taken this quiz